000 00711nam a2200253Ia 4500
008 160517s9999 xx 000 0 und d
020 _a0-12-088476-3
050 _aComSc TK 7895.M5
050 _b.N48 2005 v.3
245 _aNetwork processor design :
245 _bissues and practices /
245 _cPatrick Crowley.
260 _aSan Francisco :
260 _bMorgan Kaufmann Pub.,
260 _c2005
300 _a318 pages :
300 _bill. ;
300 _c23 cm.
440 _vv.3
500 _aIncludes index.
650 _aComputer networks -- Equipment and supplies.
650 _aNetwork processors -- Design.
650 _xApplication-specific integrated circuits -- Design.
999 _c294193
_d294193